[Event "2015 US Junior Closed Championship"]
[Site "Chess Club and Scholastic Center of Saint Louis"]
[Date "2015.07.07"]
[Round "1.1"]
[White "Harmon-Vellotti, Luke"]
[Black "Chandra, Akshat"]
[Result "0-1"]
[LiveChessVersion "1.4.6"]
[BlackElo "2589"]
[WhiteElo "2526"]

1. d4 {[%clk 1:30:51]} Nf6 {[%clk 1:30:49]} 2. c4 {[%clk 1:31:08]} g6
{[%clk 1:30:55]} 3. Nc3 {[%clk 1:31:26]} d5 {[%clk 1:31:18]} 4. Nf3
{[%clk 1:31:32]} Bg7 {[%clk 1:31:38]} 5. Bg5 {[%clk 1:31:34]} Ne4
{[%clk 1:31:39]} 6. Bh4 {[%clk 1:31:30]} Nxc3 {[%clk 1:31:54]} 7. bxc3
{[%clk 1:31:55]} dxc4 {[%clk 1:32:14]} 8. e3 {[%clk 1:32:11]} b5 {[%clk 1:29:00]}
9. a4 {[%clk 1:32:18]} c6 {[%clk 1:29:15]} 10. Be2 {[%clk 1:32:17]} a6
{[%clk 1:20:43]} 11. O-O {[%clk 1:32:33]} Bb7 {[%clk 1:16:40]} 12. Nd2
{[%clk 1:27:09]} Nd7 {[%clk 1:13:37]} 13. Bf3 {[%clk 1:23:58]} Qc8
{[%clk 0:59:19]} 14. Qb1 {[%clk 1:17:43]} f6 {[%clk 0:54:53]} 15. Bg4
{[%clk 0:55:25]} f5 {[%clk 0:34:43]} 16. Bf3 {[%clk 0:55:31]} e5 {[%clk 0:34:04]}
17. Qb4 {[%clk 0:44:48]} Bf8 {[%clk 0:33:27]} 18. Qb2 {[%clk 0:45:08]} Bd6
{[%clk 0:27:37]} 19. Rfb1 {[%clk 0:43:26]} e4 {[%clk 0:26:53]} 20. Be2
{[%clk 0:34:43]} Rb8 {[%clk 0:26:53]} 21. f3 {[%clk 0:23:33]} exf3
{[%clk 0:22:50]} 22. Bxf3 {[%clk 0:23:36]} Qc7 {[%clk 0:19:29]} 23. axb5
{[%clk 0:20:02]} cxb5 {[%clk 0:14:59]} 24. Bxb7 {[%clk 0:18:28]} Rxb7
{[%clk 0:13:46]} 25. Rxa6 {[%clk 0:18:16]} Bxh2+ {[%clk 0:13:18]} 26. Kh1
{[%clk 0:18:01]} O-O {[%clk 0:12:10]} 27. Qa3 {[%clk 0:14:14]} Bg3
{[%clk 0:09:38]} 28. Bxg3 {[%clk 0:09:32]} Qxg3 {[%clk 0:10:04]} 29. Nxc4
{[%clk 0:09:45]} Nf6 {[%clk 0:08:14]} 30. Ne5 {[%clk 0:08:20]} Ng4
{[%clk 0:06:37]} 31. Nxg4 {[%clk 0:07:29]} fxg4 {[%clk 0:07:00]} 32. Qd6
{[%clk 0:06:18]} Qh4+ {[%clk 0:05:45]} 33. Qh2 {[%clk 0:05:49]} Qf2
{[%clk 0:05:10]} 34. Qh6 {[%clk 0:04:47]} g3 {[%clk 0:04:51]} 35. Rg1
{[%clk 0:04:15]} Rbf7 {[%clk 0:05:13]} 0-1

[Event "2015 US Junior Closed Championship"]
[Site "Chess Club and Scholastic Center of Saint Louis"]
[Date "2015.07.07"]
[Round "1.2"]
[White "Liou, Yian"]
[Black "Shen, Arthur"]
[Result "1-0"]
[LiveChessVersion "1.4.6"]
[BlackElo "2477"]
[WhiteElo "2501"]

1. e4 {[%clk 1:30:56]} c5 {[%clk 1:30:55]} 2. Nf3 {[%clk 1:31:22]} d6
{[%clk 1:31:19]} 3. d4 {[%clk 1:31:50]} cxd4 {[%clk 1:31:40]} 4. Nxd4
{[%clk 1:32:16]} Nf6 {[%clk 1:32:01]} 5. Nc3 {[%clk 1:32:43]} a6 {[%clk 1:32:23]}
6. Be2 {[%clk 1:33:10]} e6 {[%clk 1:32:40]} 7. Be3 {[%clk 1:33:36]} Be7
{[%clk 1:32:50]} 8. f4 {[%clk 1:33:24]} O-O {[%clk 1:32:28]} 9. g4
{[%clk 1:32:58]} d5 {[%clk 1:20:45]} 10. e5 {[%clk 1:32:47]} Ne4 {[%clk 1:21:04]}
11. Nxe4 {[%clk 1:33:09]} dxe4 {[%clk 1:21:27]} 12. c3 {[%clk 1:33:32]} b5
{[%clk 1:14:07]} 13. O-O {[%clk 1:29:08]} Bb7 {[%clk 1:03:46]} 14. a4
{[%clk 1:26:21]} b4 {[%clk 0:45:01]} 15. cxb4 {[%clk 1:22:57]} Bxb4
{[%clk 0:45:15]} 16. Qb3 {[%clk 1:22:41]} Qe7 {[%clk 0:41:18]} 17. f5
{[%clk 0:50:54]} Nc6 {[%clk 0:34:01]} 18. fxe6 {[%clk 0:49:06]} Nxd4
{[%clk 0:32:21]} 19. exf7+ {[%clk 0:49:01]} Kh8 {[%clk 0:32:45]} 20. Bxd4
{[%clk 0:49:26]} Rad8 {[%clk 0:32:04]} 21. Be3 {[%clk 0:47:46]} Bc5
{[%clk 0:30:38]} 22. Rac1 {[%clk 0:41:16]} Bxe3+ {[%clk 0:29:59]} 23. Qxe3
{[%clk 0:41:14]} Qxe5 {[%clk 0:29:23]} 24. Qb6 {[%clk 0:37:45]} Rd7
{[%clk 0:25:40]} 25. Rf5 {[%clk 0:28:08]} Qe7 {[%clk 0:19:40]} 26. Qc5
{[%clk 0:24:53]} Qxc5+ {[%clk 0:17:36]} 27. Rcxc5 {[%clk 0:25:21]} Rdxf7
{[%clk 0:15:58]} 28. Rxf7 {[%clk 0:25:33]} Rxf7 {[%clk 0:16:25]} 29. Re5
{[%clk 0:25:56]} g6 {[%clk 0:13:12]} 30. Re6 {[%clk 0:24:00]} Kg7
{[%clk 0:12:06]} 31. b4 {[%clk 0:20:16]} Rf6 {[%clk 0:11:07]} 32. Re7+
{[%clk 0:20:18]} Rf7 {[%clk 0:11:35]} 33. Rxf7+ {[%clk 0:20:22]} Kxf7
{[%clk 0:12:01]} 34. Kf2 {[%clk 0:20:49]} Ke6 {[%clk 0:05:06]} 35. Ke3
{[%clk 0:20:58]} g5 {[%clk 0:04:27]} 36. Kd4 {[%clk 0:21:07]} Kd6
{[%clk 0:02:43]} 37. a5 {[%clk 0:19:13]} h6 {[%clk 0:02:33]} 38. b5
{[%clk 0:14:47]} axb5 {[%clk 0:02:58]} 39. Bxb5 {[%clk 0:15:15]} Kc7
{[%clk 0:02:13]} 40. Be8 {[%clk 0:41:55]} Bc8 {[%clk 0:31:23]} 41. Bh5
{[%clk 0:38:09]} Kb7 {[%clk 0:29:00]} 42. Kxe4 {[%clk 0:38:09]} Ka6
{[%clk 0:29:25]} 43. Ke5 {[%clk 0:38:36]} Kxa5 {[%clk 0:29:48]} 44. Kf6
{[%clk 0:39:04]} Kb6 {[%clk 0:26:30]} 45. Kg6 {[%clk 0:39:15]} Kc7
{[%clk 0:26:06]} 46. Kxh6 {[%clk 0:39:41]} Kd6 {[%clk 0:26:30]} 47. Kxg5
{[%clk 0:40:04]} Ke7 {[%clk 0:26:49]} 48. Kh6 {[%clk 0:40:22]} 1-0

[Event "2015 US Junior Closed Championship"]
[Site "Chess Club and Scholastic Center of Saint Louis"]
[Date "2015.07.07"]
[Round "1.3"]
[White "Li, Ruifeng"]
[Black "Bodek, Michael"]
[Result "1/2-1/2"]
[LiveChessVersion "1.4.6"]
[BlackElo "2527"]
[WhiteElo "2502"]

1. e4 {[%clk 1:30:39]} c5 {[%clk 1:30:42]} 2. Nf3 {[%clk 1:30:58]} d6
{[%clk 1:31:04]} 3. d4 {[%clk 1:31:13]} cxd4 {[%clk 1:31:27]} 4. Nxd4
{[%clk 1:31:40]} Nf6 {[%clk 1:31:46]} 5. Nc3 {[%clk 1:32:06]} g6 {[%clk 1:32:10]}
6. Be3 {[%clk 1:32:28]} Bg7 {[%clk 1:32:33]} 7. f3 {[%clk 1:32:52]} O-O
{[%clk 1:32:42]} 8. Qd2 {[%clk 1:33:19]} Nc6 {[%clk 1:33:06]} 9. O-O-O
{[%clk 1:33:42]} d5 {[%clk 1:33:28]} 10. Kb1 {[%clk 1:34:09]} Rb8
{[%clk 1:32:09]} 11. h4 {[%clk 1:34:05]} e5 {[%clk 1:30:00]} 12. Nxc6
{[%clk 1:34:29]} bxc6 {[%clk 1:30:25]} 13. exd5 {[%clk 1:34:50]} cxd5
{[%clk 1:24:24]} 14. Nxd5 {[%clk 1:35:10]} Qxd5 {[%clk 1:24:41]} 15. Qxd5
{[%clk 1:35:30]} Nxd5 {[%clk 1:25:06]} 16. Rxd5 {[%clk 1:35:55]} e4
{[%clk 1:25:29]} 17. Bd4 {[%clk 1:27:47]} exf3 {[%clk 1:15:16]} 18. gxf3
{[%clk 1:26:17]} Bb7 {[%clk 0:57:07]} 19. Bxg7 {[%clk 1:26:41]} Rfe8
{[%clk 0:56:39]} 20. Re5 {[%clk 1:21:50]} Bxf3 {[%clk 0:45:11]} 21. Bb5
{[%clk 1:13:12]} Bxh1 {[%clk 0:42:34]} 22. Rxe8+ {[%clk 1:10:27]} Rxe8
{[%clk 0:42:59]} 23. Bxe8 {[%clk 1:10:53]} Kxg7 {[%clk 0:43:23]} 24. c4
{[%clk 1:08:42]} h5 {[%clk 0:38:01]} 25. Kc2 {[%clk 1:05:03]} g5 {[%clk 0:29:49]}
26. Kd3 {[%clk 1:02:01]} Kf8 {[%clk 0:26:14]} 27. Ba4 {[%clk 0:58:02]} gxh4
{[%clk 0:24:54]} 28. Ke3 {[%clk 0:57:37]} h3 {[%clk 0:24:29]} 29. Kf2
{[%clk 0:57:25]} h2 {[%clk 0:24:47]} 30. Kg3 {[%clk 0:57:49]} Bd5
{[%clk 0:25:09]} 31. Kxh2 {[%clk 0:58:09]} Bxc4 {[%clk 0:25:33]} 32. a3
{[%clk 0:49:41]} f5 {[%clk 0:14:58]} 33. Kg3 {[%clk 0:33:42]} Kg7
{[%clk 0:14:24]} 34. Kf4 {[%clk 0:33:23]} Kf6 {[%clk 0:14:39]} 35. Bc2
{[%clk 0:33:03]} Be6 {[%clk 0:13:49]} 36. Bd3 {[%clk 0:33:09]} h4
{[%clk 0:13:43]} 37. Bf1 {[%clk 0:32:58]} Bd5 {[%clk 0:07:27]} 38. b4
{[%clk 0:30:01]} Be4 {[%clk 0:05:45]} 39. a4 {[%clk 0:30:23]} Ke6
{[%clk 0:05:08]} 40. b5 {[%clk 0:58:38]} Kd6 {[%clk 0:33:51]} 41. a5
{[%clk 0:59:03]} Kc5 {[%clk 0:33:16]} 42. b6 {[%clk 0:59:29]} axb6
{[%clk 0:33:22]} 43. axb6 {[%clk 0:59:55]} Kxb6 {[%clk 0:33:46]} 44. Kg5
{[%clk 1:00:20]} Kc5 {[%clk 0:34:08]} 45. Bh3 {[%clk 1:00:45]} Kd4
{[%clk 0:34:17]} 46. Bxf5 {[%clk 1:01:10]} Bxf5 {[%clk 0:34:37]} 47. Kxh4
{[%clk 1:01:36]} 1/2-1/2

[Event "2015 US Junior Closed Championship"]
[Site "Chess Club and Scholastic Center of Saint Louis"]
[Date "2015.07.07"]
[Round "1.4"]
[White "Xiong, Jeffery"]
[Black "Brattain, Mika"]
[Result "1/2-1/2"]
[LiveChessVersion "1.4.6"]
[BlackElo "2457"]
[WhiteElo "2606"]

1. e4 {[%clk 1:30:56]} c5 {[%clk 1:30:47]} 2. Nf3 {[%clk 1:31:20]} Nc6
{[%clk 1:30:59]} 3. d4 {[%clk 1:31:15]} cxd4 {[%clk 1:31:17]} 4. Nxd4
{[%clk 1:31:42]} Nf6 {[%clk 1:31:20]} 5. Nc3 {[%clk 1:32:09]} d6 {[%clk 1:31:36]}
6. Bg5 {[%clk 1:32:32]} e6 {[%clk 1:31:55]} 7. Qd2 {[%clk 1:32:55]} a6
{[%clk 1:32:09]} 8. O-O-O {[%clk 1:33:14]} Bd7 {[%clk 1:32:26]} 9. f4
{[%clk 1:33:30]} h6 {[%clk 1:32:36]} 10. Bxf6 {[%clk 1:28:00]} Qxf6
{[%clk 1:32:02]} 11. Nf3 {[%clk 1:27:52]} O-O-O {[%clk 1:15:20]} 12. h4
{[%clk 1:26:51]} g6 {[%clk 1:04:40]} 13. Qe3 {[%clk 1:24:03]} Qe7
{[%clk 1:02:39]} 14. Na4 {[%clk 1:13:06]} Bg7 {[%clk 0:53:16]} 15. g3
{[%clk 1:10:50]} d5 {[%clk 0:44:39]} 16. exd5 {[%clk 1:00:00]} exd5
{[%clk 0:44:57]} 17. Nb6+ {[%clk 1:00:17]} Kb8 {[%clk 0:45:21]} 18. Qxe7
{[%clk 1:00:36]} Nxe7 {[%clk 0:45:44]} 19. Nxd7+ {[%clk 1:00:51]} Rxd7
{[%clk 0:46:06]} 20. Bh3 {[%clk 1:01:09]} Rc7 {[%clk 0:44:26]} 21. Rhe1
{[%clk 0:57:37]} Rd8 {[%clk 0:43:46]} 22. Kb1 {[%clk 0:53:44]} Nc6
{[%clk 0:41:10]} 23. c3 {[%clk 0:41:58]} Re7 {[%clk 0:24:39]} 24. Nd4
{[%clk 0:31:27]} Rxe1 {[%clk 0:23:44]} 25. Nxc6+ {[%clk 0:31:12]} bxc6
{[%clk 0:23:50]} 26. Rxe1 {[%clk 0:31:39]} Bf6 {[%clk 0:23:17]} 27. Kc2
{[%clk 0:29:02]} Kc7 {[%clk 0:23:03]} 28. Bg4 {[%clk 0:27:25]} Rg8
{[%clk 0:20:32]} 29. b4 {[%clk 0:20:21]} Kd6 {[%clk 0:12:08]} 30. Kd3
{[%clk 0:13:07]} Ra8 {[%clk 0:09:30]} 31. Bd1 {[%clk 0:09:10]} a5
{[%clk 0:07:17]} 1/2-1/2

[Event "2015 US Junior Closed Championship"]
[Site "Chess Club and Scholastic Center of Saint Louis"]
[Date "2015.07.07"]
[Round "1.5"]
[White "Liang, Awonder"]
[Black "Han, Curran"]
[Result "1-0"]
[LiveChessVersion "1.4.6"]
[BlackElo "2211"]
[WhiteElo "2428"]

1. c4 {[%clk 1:30:55]} Nf6 {[%clk 1:30:56]} 2. Nc3 {[%clk 1:31:17]} g6
{[%clk 1:31:16]} 3. e4 {[%clk 1:30:46]} d6 {[%clk 1:31:40]} 4. d4
{[%clk 1:30:38]} Bg7 {[%clk 1:32:03]} 5. f3 {[%clk 1:30:16]} O-O {[%clk 1:32:12]}
6. Nge2 {[%clk 1:29:59]} e5 {[%clk 1:28:00]} 7. Bg5 {[%clk 1:26:10]} Nbd7
{[%clk 1:20:33]} 8. Qd2 {[%clk 1:10:47]} c6 {[%clk 1:18:31]} 9. Rd1
{[%clk 1:00:45]} Qa5 {[%clk 1:14:38]} 10. d5 {[%clk 0:52:49]} cxd5
{[%clk 1:13:03]} 11. Nxd5 {[%clk 0:49:46]} Qxd2+ {[%clk 1:10:04]} 12. Kxd2
{[%clk 0:40:21]} Nxd5 {[%clk 1:10:05]} 13. cxd5 {[%clk 0:40:18]} f6
{[%clk 1:10:14]} 14. Be3 {[%clk 0:37:43]} f5 {[%clk 1:08:50]} 15. Nc3
{[%clk 0:35:30]} a6 {[%clk 0:56:36]} 16. g4 {[%clk 0:28:45]} fxg4
{[%clk 0:40:39]} 17. fxg4 {[%clk 0:29:13]} Bf6 {[%clk 0:37:40]} 18. Be2
{[%clk 0:24:37]} b5 {[%clk 0:20:37]} 19. Rdf1 {[%clk 0:15:43]} Bb7
{[%clk 0:19:56]} 20. g5 {[%clk 0:13:44]} Bd8 {[%clk 0:15:41]} 21. Bg4
{[%clk 0:13:30]} Rxf1 {[%clk 0:15:52]} 22. Rxf1 {[%clk 0:12:37]} Nf8
{[%clk 0:16:17]} 23. b4 {[%clk 0:10:02]} Bc8 {[%clk 0:14:57]} 24. Bd1
{[%clk 0:07:08]} Bh3 {[%clk 0:12:36]} 25. Rg1 {[%clk 0:07:05]} Rb8
{[%clk 0:09:28]} 26. Be2 {[%clk 0:06:37]} Bd7 {[%clk 0:09:04]} 27. Rc1
{[%clk 0:06:03]} a5 {[%clk 0:07:13]} 28. a3 {[%clk 0:06:08]} Kf7 {[%clk 0:07:15]}
29. Rb1 {[%clk 0:05:15]} a4 {[%clk 0:05:28]} 30. Nd1 {[%clk 0:05:12]} Be8
{[%clk 0:04:33]} 31. Rc1 {[%clk 0:04:27]} Ke7 {[%clk 0:03:53]} 32. h4
{[%clk 0:03:53]} Nd7 {[%clk 0:03:48]} 33. Nc3 {[%clk 0:03:06]} Nf8
{[%clk 0:03:40]} 34. Rf1 {[%clk 0:03:12]} Rb7 {[%clk 0:03:11]} 35. Nd1
{[%clk 0:03:27]} Nd7 {[%clk 0:03:24]} 36. Nf2 {[%clk 0:02:58]} Bb6
{[%clk 0:01:58]} 37. Bxb6 {[%clk 0:02:36]} Rxb6 {[%clk 0:01:56]} 38. Ng4
{[%clk 0:02:31]} Rb7 {[%clk 0:01:59]} 39. Rc1 {[%clk 0:02:41]} Kd8
{[%clk 0:01:36]} 40. Rc6 {[%clk 0:32:15]} Ke7 {[%clk 0:31:23]} 41. Ra6
{[%clk 0:31:54]} Nb6 {[%clk 0:28:09]} 42. Nf6 {[%clk 0:31:02]} Nc8
{[%clk 0:28:14]} 43. Ra8 {[%clk 0:30:56]} Bd7 {[%clk 0:28:23]} 44. Nxd7
{[%clk 0:31:18]} 1-0

[Event "2015 US Junior Closed Championship"]
[Site "Chess Club and Scholastic Center of Saint Louis"]
[Date "2015.07.08"]
[Round "2.1"]
[White "Chandra, Akshat"]
[Black "Han, Curran"]
[Result "1-0"]
[LiveChessVersion "1.4.6"]
[BlackElo "2211"]
[WhiteElo "2589"]

1. d4 {[%clk 1:30:55]} Nf6 {[%clk 1:30:56]} 2. c4 {[%clk 1:31:21]} g6
{[%clk 1:31:22]} 3. Nc3 {[%clk 1:31:45]} d5 {[%clk 1:31:47]} 4. cxd5
{[%clk 1:23:29]} Nxd5 {[%clk 1:32:07]} 5. Bd2 {[%clk 1:23:53]} Bg7
{[%clk 1:32:28]} 6. e4 {[%clk 1:23:47]} Nxc3 {[%clk 1:32:42]} 7. Bxc3
{[%clk 1:24:10]} O-O {[%clk 1:33:06]} 8. Qd2 {[%clk 1:22:06]} c5 {[%clk 1:33:01]}
9. d5 {[%clk 1:22:04]} Bxc3 {[%clk 1:32:19]} 10. bxc3 {[%clk 1:22:30]} e6
{[%clk 1:32:01]} 11. Bc4 {[%clk 1:11:00]} exd5 {[%clk 1:24:00]} 12. Bxd5
{[%clk 1:11:23]} Nd7 {[%clk 1:22:28]} 13. Nf3 {[%clk 1:09:21]} Nf6
{[%clk 1:19:06]} 14. O-O {[%clk 1:08:11]} Nxd5 {[%clk 1:05:05]} 15. exd5
{[%clk 1:04:49]} Qd6 {[%clk 1:03:19]} 16. Rfe1 {[%clk 0:59:49]} Bf5
{[%clk 0:58:26]} 17. c4 {[%clk 0:42:14]} a6 {[%clk 0:42:42]} 18. Qh6
{[%clk 0:39:14]} Qf6 {[%clk 0:27:02]} 19. Qf4 {[%clk 0:38:18]} Kg7
{[%clk 0:26:14]} 20. g4 {[%clk 0:27:52]} Bd7 {[%clk 0:24:09]} 21. Qxf6+
{[%clk 0:28:06]} Kxf6 {[%clk 0:24:36]} 22. g5+ {[%clk 0:28:16]} Kg7
{[%clk 0:20:54]} 23. Re7 {[%clk 0:27:53]} Rad8 {[%clk 0:20:55]} 24. Ne5
{[%clk 0:26:45]} Bc8 {[%clk 0:20:53]} 25. Rc7 {[%clk 0:22:13]} b5
{[%clk 0:09:48]} 26. Rxc5 {[%clk 0:21:45]} bxc4 {[%clk 0:09:05]} 27. Nxc4
{[%clk 0:21:37]} Bb7 {[%clk 0:08:37]} 28. Ne3 {[%clk 0:12:56]} Rd7
{[%clk 0:08:46]} 29. Rd1 {[%clk 0:08:18]} Rfd8 {[%clk 0:09:04]} 30. Kf1
{[%clk 0:07:36]} h6 {[%clk 0:06:32]} 31. h4 {[%clk 0:06:33]} hxg5
{[%clk 0:06:50]} 32. hxg5 {[%clk 0:07:02]} f6 {[%clk 0:07:13]} 33. gxf6+
{[%clk 0:05:52]} Kxf6 {[%clk 0:07:37]} 34. Ke2 {[%clk 0:05:20]} Ke7
{[%clk 0:07:32]} 35. Rd4 {[%clk 0:03:40]} Kd6 {[%clk 0:06:15]} 36. Ra5
{[%clk 0:03:06]} Kc7 {[%clk 0:04:30]} 37. Kd3 {[%clk 0:02:23]} Rf8
{[%clk 0:04:00]} 38. Rc5+ {[%clk 0:02:39]} Kb6 {[%clk 0:02:37]} 39. Rc2
{[%clk 0:03:07]} Rfd8 {[%clk 0:02:05]} 40. Rb2+ {[%clk 0:31:50]} Ka7
{[%clk 0:31:22]} 41. Ke4 {[%clk 0:31:34]} Rf8 {[%clk 0:29:37]} 42. Ke5
{[%clk 0:27:02]} Re7+ {[%clk 0:27:05]} 43. Kd6 {[%clk 0:27:26]} Ref7
{[%clk 0:21:40]} 44. Rdd2 {[%clk 0:26:53]} Bc8 {[%clk 0:21:16]} 45. Rdc2
{[%clk 0:24:43]} Rd8+ {[%clk 0:19:26]} 46. Kc5 {[%clk 0:20:30]} Rc7+
{[%clk 0:18:59]} 47. Kd4 {[%clk 0:19:45]} Rcd7 {[%clk 0:19:16]} 48. Rc5
{[%clk 0:17:06]} Bb7 {[%clk 0:19:31]} 49. a4 {[%clk 0:16:12]} Rf8
{[%clk 0:19:44]} 50. a5 {[%clk 0:16:31]} Rdf7 {[%clk 0:19:33]} 51. Rcc2
{[%clk 0:10:44]} g5 {[%clk 0:19:20]} 52. Rd2 {[%clk 0:09:56]} Rf4+
{[%clk 0:19:26]} 53. Kc3 {[%clk 0:07:15]} Rd8 {[%clk 0:18:50]} 54. d6
{[%clk 0:06:47]} Bc6 {[%clk 0:11:57]} 55. Rb4 {[%clk 0:05:30]} Rf6
{[%clk 0:11:52]} 56. Rbd4 {[%clk 0:05:50]} Bb5 {[%clk 0:11:57]} 57. Nc4
{[%clk 0:04:53]} Kb7 {[%clk 0:10:58]} 58. Nb6 {[%clk 0:04:55]} Kc6
{[%clk 0:10:48]} 59. d7 {[%clk 0:05:14]} Rf5 {[%clk 0:09:45]} 60. Kb4
{[%clk 0:05:05]} Kb7 {[%clk 0:10:00]} 61. Rd5 {[%clk 0:03:54]} Rf4+
{[%clk 0:10:06]} 62. Ka3 {[%clk 0:04:02]} g4 {[%clk 0:08:40]} 63. Rc5
{[%clk 0:03:40]} Bc6 {[%clk 0:01:19]} 64. Rb2 {[%clk 0:02:58]} Rf3+
{[%clk 0:01:10]} 65. Ka2 {[%clk 0:03:06]} Bb5 {[%clk 0:00:39]} 66. Rbc2
{[%clk 0:03:23]} Rff8 {[%clk 0:00:39]} 67. Rc7+ {[%clk 0:03:44]} Kb8
{[%clk 0:01:03]} 68. Rc8+ {[%clk 0:04:07]} Kb7 {[%clk 0:01:22]} 69. R2c7#
{[%clk 0:04:32]} 1-0

[Event "2015 US Junior Closed Championship"]
[Site "Chess Club and Scholastic Center of Saint Louis"]
[Date "2015.07.08"]
[Round "2.2"]
[White "Brattain, Mika"]
[Black "Liang, Awonder"]
[Result "1/2-1/2"]
[LiveChessVersion "1.4.6"]
[BlackElo "2428"]
[WhiteElo "2457"]

1. d4 {[%clk 1:30:56]} Nf6 {[%clk 1:30:56]} 2. Nf3 {[%clk 1:31:19]} e6
{[%clk 1:31:20]} 3. c4 {[%clk 1:29:08]} d5 {[%clk 1:31:42]} 4. Nc3
{[%clk 1:29:12]} Bb4 {[%clk 1:32:00]} 5. cxd5 {[%clk 1:28:56]} exd5
{[%clk 1:32:19]} 6. Qa4+ {[%clk 1:28:45]} Nc6 {[%clk 1:32:35]} 7. Bg5
{[%clk 1:28:49]} O-O {[%clk 1:18:15]} 8. e3 {[%clk 1:29:10]} Be7 {[%clk 1:10:25]}
9. Be2 {[%clk 1:27:18]} Be6 {[%clk 0:57:45]} 10. O-O {[%clk 1:25:03]} h6
{[%clk 0:52:04]} 11. Bxf6 {[%clk 1:23:24]} Bxf6 {[%clk 0:50:34]} 12. b4
{[%clk 1:21:27]} a6 {[%clk 0:43:42]} 13. a3 {[%clk 1:18:31]} Ne7 {[%clk 0:40:33]}
14. Qc2 {[%clk 1:15:41]} c6 {[%clk 0:33:27]} 15. Na4 {[%clk 1:09:29]} Bf5
{[%clk 0:32:24]} 16. Bd3 {[%clk 1:06:57]} Bxd3 {[%clk 0:30:46]} 17. Qxd3
{[%clk 1:07:25]} Nc8 {[%clk 0:30:34]} 18. Nc5 {[%clk 1:02:57]} Nd6
{[%clk 0:30:38]} 19. Rfb1 {[%clk 0:44:53]} Qc7 {[%clk 0:16:17]} 20. Nb3
{[%clk 0:36:45]} Nc4 {[%clk 0:15:34]} 21. Nbd2 {[%clk 0:34:40]} b5
{[%clk 0:13:35]} 22. a4 {[%clk 0:34:47]} Be7 {[%clk 0:11:40]} 23. Qc3
{[%clk 0:35:01]} Bd6 {[%clk 0:10:43]} 24. Nb3 {[%clk 0:21:44]} Nb6
{[%clk 0:08:13]} 25. axb5 {[%clk 0:20:55]} axb5 {[%clk 0:08:35]} 26. Nc5
{[%clk 0:21:19]} Nc4 {[%clk 0:07:48]} 27. h3 {[%clk 0:18:11]} Qe7
{[%clk 0:06:35]} 28. Rxa8 {[%clk 0:17:47]} Rxa8 {[%clk 0:06:53]} 29. Ra1
{[%clk 0:17:52]} Qf8 {[%clk 0:06:36]} 30. Ne1 {[%clk 0:17:02]} Qb8
{[%clk 0:06:18]} 31. Nc2 {[%clk 0:15:13]} Ra7 {[%clk 0:03:21]} 32. Rxa7
{[%clk 0:14:05]} Qxa7 {[%clk 0:03:49]} 33. Qa1 {[%clk 0:14:24]} Bxc5
{[%clk 0:02:36]} 34. dxc5 {[%clk 0:14:40]} Qa4 {[%clk 0:01:57]} 35. Qxa4
{[%clk 0:08:46]} bxa4 {[%clk 0:02:26]} 36. Kf1 {[%clk 0:09:00]} Kf8
{[%clk 0:02:40]} 37. Ke2 {[%clk 0:09:22]} Ke7 {[%clk 0:02:53]} 38. Kd3
{[%clk 0:09:38]} Kd7 {[%clk 0:02:45]} 39. Kc3 {[%clk 0:08:59]} f5
{[%clk 0:02:48]} 40. Nd4 {[%clk 0:38:06]} g6 {[%clk 0:33:08]} 41. h4
{[%clk 0:37:05]} h5 {[%clk 0:26:36]} 42. Ne2 {[%clk 0:36:28]} Ke7
{[%clk 0:19:44]} 43. Nd4 {[%clk 0:26:55]} Kd7 {[%clk 0:19:53]} 44. Ne2
{[%clk 0:27:13]} Ke7 {[%clk 0:20:19]} 45. Kc2 {[%clk 0:23:21]} Na3+
{[%clk 0:13:49]} 46. Kb2 {[%clk 0:22:34]} Nc4+ {[%clk 0:13:08]} 47. Ka2
{[%clk 0:21:13]} Ke6 {[%clk 0:12:25]} 48. Nd4+ {[%clk 0:18:00]} Kd7
{[%clk 0:12:44]} 49. g3 {[%clk 0:16:05]} Nd2 {[%clk 0:11:47]} 50. Ka3
{[%clk 0:16:15]} Ne4 {[%clk 0:11:12]} 51. Kxa4 {[%clk 0:16:04]} Nxf2
{[%clk 0:10:30]} 52. b5 {[%clk 0:16:22]} Ne4 {[%clk 0:06:15]} 53. bxc6+
{[%clk 0:12:29]} Kc7 {[%clk 0:06:42]} 54. Kb4 {[%clk 0:12:40]} Nxg3
{[%clk 0:05:29]} 55. Kb5 {[%clk 0:12:20]} Nf1 {[%clk 0:01:53]} 56. Ne6+
{[%clk 0:12:15]} Kc8 {[%clk 0:02:20]} 57. c7 {[%clk 0:12:14]} Nxe3
{[%clk 0:02:23]} 58. Kc6 {[%clk 0:11:59]} Nc2 {[%clk 0:02:52]} 59. Kxd5
{[%clk 0:12:00]} Kd7 {[%clk 0:03:20]} 60. Ke5 {[%clk 0:09:34]} Ne3
{[%clk 0:03:14]} 61. Kf6 {[%clk 0:06:08]} Ng2 {[%clk 0:03:43]} 62. Kg5
{[%clk 0:06:12]} Kc8 {[%clk 0:04:09]} 63. c6 {[%clk 0:05:19]} f4 {[%clk 0:04:38]}
64. Nxf4 {[%clk 0:05:31]} Nxf4 {[%clk 0:05:07]} 65. Kxf4 {[%clk 0:05:54]} Kxc7
{[%clk 0:05:34]} 66. Kg5 {[%clk 0:06:21]} Kxc6 {[%clk 0:05:57]} 67. Kxg6
{[%clk 0:06:46]} Kd7 {[%clk 0:06:25]} 68. Kxh5 {[%clk 0:07:12]} Ke7
{[%clk 0:06:50]} 1/2-1/2

[Event "2015 US Junior Closed Championship"]
[Site "Chess Club and Scholastic Center of Saint Louis"]
[Date "2015.07.08"]
[Round "2.3"]
[White "Bodek, Michael"]
[Black "Xiong, Jeffery"]
[Result "1/2-1/2"]
[LiveChessVersion "1.4.6"]
[BlackElo "2606"]
[WhiteElo "2527"]

1. e4 {[%clk 1:30:56]} e5 {[%clk 1:30:55]} 2. Nf3 {[%clk 1:31:12]} Nc6
{[%clk 1:31:19]} 3. Bc4 {[%clk 1:31:32]} Bc5 {[%clk 1:31:42]} 4. c3
{[%clk 1:31:14]} Nf6 {[%clk 1:32:04]} 5. d4 {[%clk 1:30:58]} exd4
{[%clk 1:32:27]} 6. cxd4 {[%clk 1:31:22]} Bb4+ {[%clk 1:32:50]} 7. Bd2
{[%clk 1:31:29]} Bxd2+ {[%clk 1:33:02]} 8. Nbxd2 {[%clk 1:31:52]} d5
{[%clk 1:33:25]} 9. exd5 {[%clk 1:32:16]} Nxd5 {[%clk 1:33:51]} 10. O-O
{[%clk 1:32:26]} O-O {[%clk 1:34:16]} 11. Rc1 {[%clk 1:32:50]} Bg4
{[%clk 1:32:36]} 12. h3 {[%clk 1:27:59]} Bh5 {[%clk 1:32:47]} 13. Bxd5
{[%clk 1:22:32]} Qxd5 {[%clk 1:33:06]} 14. Rc5 {[%clk 1:22:52]} Bxf3
{[%clk 1:32:56]} 15. Nxf3 {[%clk 1:23:07]} Qxa2 {[%clk 1:05:38]} 16. d5
{[%clk 1:07:49]} Ne7 {[%clk 1:05:27]} 17. Rxc7 {[%clk 0:49:31]} Nxd5
{[%clk 1:05:37]} 18. Rxb7 {[%clk 0:49:42]} Rab8 {[%clk 0:59:56]} 19. Rxb8
{[%clk 0:42:16]} Rxb8 {[%clk 1:00:11]} 20. Re1 {[%clk 0:31:29]} h6
{[%clk 0:57:53]} 21. Qd4 {[%clk 0:30:01]} Nf6 {[%clk 0:55:50]} 22. b4
{[%clk 0:28:47]} Qa4 {[%clk 0:52:54]} 23. Ra1 {[%clk 0:27:15]} Qxb4
{[%clk 0:53:12]} 24. Qxa7 {[%clk 0:26:44]} Re8 {[%clk 0:52:34]} 25. Qd4
{[%clk 0:24:17]} Qxd4 {[%clk 0:52:26]} 26. Nxd4 {[%clk 0:24:43]} g6
{[%clk 0:52:42]} 27. g3 {[%clk 0:24:49]} Rd8 {[%clk 0:52:34]} 28. Nf3
{[%clk 0:25:06]} Kg7 {[%clk 0:52:54]} 29. Kg2 {[%clk 0:25:23]} Rd5
{[%clk 0:53:07]} 30. Ra2 {[%clk 0:25:22]} Kg8 {[%clk 0:53:24]} 1/2-1/2